[Event "16ème Open de Saint Affrique"]
[Site "Saint Affrique"]
[Date "2008.07.23"]
[Round "6.6"]
[White "Lagarde, Maxime"]
[Black "Karpatchev, Aleksandr"]
[Result "1/2-1/2"]
[WhiteElo "2322"]
[BlackElo "2460"]
[PlyCount "153"]
[EventDate "2008.??.??"]

1. e4 e5 2. Nf3 Nc6 3. d4 exd4 4. Bc4 Nf6 5. e5 Ne4 6. Qe2 Nc5 7. c3 d3 8. Qe3
Be7 9. b4 Ne6 10. Bxd3 d6 11. exd6 cxd6 12. Bb2 Bf6 13. a3 O-O 14. O-O Re8 15.
Re1 a5 16. Qd2 Bd7 17. Qc2 Nf4 18. Nbd2 axb4 19. axb4 Rxa1 20. Rxa1 Nxd3 21.
Qxd3 Nxb4 22. Qxd6 Be7 23. Qg3 Nd3 24. Ba3 Qa5 25. Nb3 Qxc3 26. Bxe7 Rxe7 27.
Qd6 Kf8 28. Ra8+ Be8 29. Nbd2 Qc1+ 30. Nf1 Nf4 31. g3 Ne2+ 32. Kg2 Qc6 33. Qxc6
bxc6 34. Ne3 g6 35. Kf1 Nc3 36. Nd4 c5 37. Nb3 Rc7 38. Ke1 Ne4 39. f3 Nf6 40.
Ra6 Re7 41. Kd2 Nd7 42. Ra8 Ne5 43. f4 Nf3+ 44. Kd3 Kg7 45. Ra5 Nxh2 46. Rxc5
h5 47. Nd4 Bd7 48. f5 Ng4 49. Nxg4 hxg4 50. fxg6 Kxg6 51. Ne2 Bf5+ 52. Kd2 f6
53. Nf4+ Kg5 54. Ng2 Re5 55. Rxe5 fxe5 56. Ke3 Bd7 57. Ne1 Bb5 58. Nc2 Kf5 59.
Na3 Ba6 60. Nb1 Ke6 61. Nd2 Bb7 62. Nf1 Bg2 63. Nd2 Kd5 64. Nb1 Kc4 65. Kf2 Be4
66. Nd2+ Kd3 67. Nf1 Bf5 68. Ne3 Be6 69. Nf1 Bd5 70. Ne3 Bf3 71. Nf1 Be2 72.
Ne3 Kd2 73. Ng2 e4 74. Ne3 Bb5 75. Nf5 Ba6 76. Ne3 Be2 77. Nf5 1/2-1/2

[Event "16ème Open de Saint Affrique"]
[Site "Saint Affrique"]
[Date "2008.07.23"]
[Round "6.7"]
[White "Inkiov, Ventzislav"]
[Black "Mullon, Jean-Baptiste"]
[Result "0-1"]
[WhiteElo "2446"]
[BlackElo "2336"]
[PlyCount "66"]
[EventDate "2008.??.??"]

1. e4 c5 2. Nf3 Nc6 3. d4 cxd4 4. Nxd4 Nf6 5. Nc3 e5 6. Ndb5 d6 7. a4 a6 8. Na3
Bg4 9. f3 Be6 10. Bc4 Qb6 11. Nd5 Bxd5 12. Bxd5 Be7 13. Nc4 Qc7 14. Be3 Nxd5
15. exd5 Nd4 16. b3 O-O 17. a5 Bh4+ 18. g3 Bf6 19. O-O Rae8 20. Qd3 {#} 20...
Nxf3+ 21. Rxf3 e4 22. Qf1 Bxa1 23. Rf2 Bc3 24. Bb6 Qd7 25. Ne3 g6 26. Qc4 Bg7
27. Qb4 f5 28. Nc4 Be5 29. Be3 f4 30. Nxe5 dxe5 31. Bc5 e3 32. Re2 f3 33. Rxe3
f2+ 0-1

[Event "16ème Open de Saint Affrique"]
[Site "Saint Affrique"]
[Date "2008.07.23"]
[Round "6.8"]
[White "Saada, Julien"]
[Black "Philippe, Christophe"]
[Result "0-1"]
[WhiteElo "2281"]
[BlackElo "2442"]
[PlyCount "72"]
[EventDate "2008.??.??"]

1. d4 Nf6 2. Bg5 d5 3. e3 c5 4. Nf3 Nc6 5. c3 e6 6. Bd3 Qb6 7. Qc1 Bd7 8. Nbd2
Rc8 9. Qb1 h6 10. Bh4 g5 11. Bg3 Nh5 12. O-O Nxg3 13. hxg3 cxd4 14. exd4 Be7
15. Re1 h5 16. Nf1 g4 17. N3h2 Na5 18. Ne3 Bb5 19. Re2 Bxd3 20. Qxd3 Qa6 21.
Qxa6 bxa6 22. Rae1 Rc7 23. f3 gxf3 24. gxf3 Kf8 25. f4 Rg8 26. Kf2 Nb7 27. Nf3
Nd6 28. Nd2 Rb7 29. b3 Rc7 30. f5 Rxc3 31. fxe6 fxe6 32. Nef1 h4 33. Rxe6 hxg3+
34. Kg2 Nf5 35. Nf3 {#} 35... Rxf3 36. Kxf3 g2 0-1

[Event "16ème Open de Saint Affrique"]
[Site "Saint Affrique"]
[Date "2008.07.23"]
[Round "6.9"]
[White "Mancini, Mario"]
[Black "Monroy, Charles"]
[Result "0-1"]
[WhiteElo "2268"]
[BlackElo "2393"]
[PlyCount "106"]
[EventDate "2008.??.??"]

1. d4 d6 2. e4 Nf6 3. Nc3 e5 4. dxe5 dxe5 5. Qxd8+ Kxd8 6. Bg5 Be6 7. O-O-O+
Nbd7 8. Nf3 h6 9. Bxf6+ gxf6 10. Nh4 c6 11. Be2 h5 12. Rd3 Kc7 13. h3 Nc5 14.
Rf3 b5 15. Bd3 a5 16. Kb1 a4 17. Ne2 b4 18. Nf5 b3 19. Nc3 Nxd3 20. Rxd3 Bc5
21. f3 Rhg8 22. g4 Rh8 23. cxb3 axb3 24. axb3 Rhb8 25. Rc1 hxg4 26. fxg4 Rxb3
27. h4 Rab8 28. Rc2 Ba3 29. Rdd2 Bxb2 30. Rxb2 Rxc3 31. Rxb8 Kxb8 32. Rh2 Rd3
33. h5 Rd8 34. h6 Rh8 35. h7 Kc7 36. Kc2 Kd7 37. Kc3 c5 38. Rh6 Ke8 39. Ng7+
Ke7 40. Kd3 Bxg4 41. Kc4 Kf8 42. Nh5 Bxh5 43. Rxh5 Kg7 44. Kxc5 Rxh7 45. Rf5
Rh1 46. Kd6 Re1 47. Ke7 Rxe4 48. Rxf6 Rf4 49. Ra6 e4 50. Ra1 f5 51. Ke6 Kg6 52.
Ke5 Rf3 53. Rg1+ Kh5 0-1

[Event "16ème Open de Saint Affrique"]
[Site "Saint Affrique"]
[Date "2008.07.23"]
[Round "6.10"]
[White "Borsos, Bogdan"]
[Black "Forthofer, Robert"]
[Result "1-0"]
[WhiteElo "2377"]
[BlackElo "2243"]
[PlyCount "41"]
[EventDate "2008.??.??"]

1. c4 f5 2. Nf3 Nf6 3. g3 d6 4. d4 e6 5. Bg2 Be7 6. O-O O-O 7. b3 Qe8 8. Bb2
Qh5 9. Nbd2 g5 10. Ne1 Nc6 11. e4 f4 12. e5 dxe5 13. dxe5 Qxd1 14. Rxd1 Ng4 15.
Nd3 Bd7 16. Ne4 b6 17. Bh3 h5 18. Nxf4 gxf4 19. Rxd7 fxg3 20. hxg3 Rad8 21.
Rxc7 1-0

[Event "16ème Open de Saint Affrique"]
[Site "Saint Affrique"]
[Date "2008.07.23"]
[Round "6.11"]
[White "Houard, Yannick"]
[Black "Goldsztejn, Gildas"]
[Result "1-0"]
[WhiteElo "2123"]
[BlackElo "2374"]
[PlyCount "67"]
[EventDate "2008.??.??"]

1. e4 e5 2. Nf3 Nc6 3. Bb5 a6 4. Ba4 Nf6 5. O-O b5 6. Bb3 Bc5 7. a4 Rb8 8. c3
d6 9. d4 Bb6 10. axb5 axb5 11. h3 O-O 12. Re1 h6 13. Na3 Re8 14. Nxb5 exd4 15.
cxd4 Ba5 16. Nc3 Bxc3 17. bxc3 Nxe4 18. Bd5 Nxc3 {#} 19. Bxc6 Nxd1 20. Rxe8+
Qxe8 21. Bxe8 Bb7 22. Bd7 Nc3 23. Be3 g6 24. Ra3 Nd5 25. Bxh6 c5 26. dxc5 dxc5
27. Rb3 c4 28. Rb5 Kh7 29. Bg5 f6 30. Be3 c3 31. Nd4 Nc7 32. Rb3 Rd8 33. Rxb7
Rxd7 34. Ne6 1-0

[Event "16ème Open de Saint Affrique"]
[Site "Saint Affrique"]
[Date "2008.07.23"]
[Round "6.23"]
[White "Metzger, Clement"]
[Black "Priser, Patrick"]
[Result "0-1"]
[WhiteElo "2179"]
[BlackElo "1976"]
[PlyCount "70"]
[EventDate "2008.??.??"]

1. e4 c6 2. d4 d5 3. exd5 cxd5 4. c4 Nf6 5. Nc3 e6 6. Nf3 Be7 7. Bd3 O-O 8. b3
Nc6 9. O-O b6 10. Be3 Bb7 11. Rc1 Rc8 12. h3 dxc4 13. bxc4 Na5 14. Ne5 g6 15.
f4 Nc6 16. Ne2 Ba3 17. Rc3 Bb4 18. Rb3 Be7 19. a3 Na5 20. Rc3 Ne4 21. Bxe4 Bxe4
22. Ng3 Bb7 23. f5 Bg5 24. fxe6 Bxe3+ 25. Rxe3 fxe6 26. Qg4 Rxf1+ 27. Nxf1 Qf6
28. Nd2 Rf8 29. Ne4 Qf1+ 30. Kh2 Qf4+ 31. Qxf4 Rxf4 32. Ng5 Rxd4 33. Re2 Nxc4
34. Nxc4 Rxc4 35. Rd2 Bd5 0-1

[Event "16ème Open de Saint Affrique"]
[Site "Saint Affrique"]
[Date "2008.07.23"]
[Round "6.26"]
[White "Soubrier, Aude"]
[Black "Delorme, Laurie"]
[Result "1-0"]
[WhiteElo "1989"]
[BlackElo "2155"]
[PlyCount "45"]
[EventDate "2008.??.??"]

1. d4 d5 2. c4 c6 3. Nf3 e6 4. g3 Nf6 5. Bg2 Be7 6. O-O O-O 7. Qc2 b6 8. Nbd2
Bb7 9. e4 dxc4 10. e5 Nd5 11. Nxc4 Na6 12. a3 c5 13. dxc5 Nxc5 14. b4 Nd7 15.
Bb2 Rc8 16. Qb3 Ba6 17. Rac1 Bb5 18. Rfd1 Bxc4 19. Rxc4 Rxc4 20. Qxc4 a5 21.
Ne1 axb4 22. axb4 Nxb4 23. Qb5 1-0

[Event "16ème Open de Saint Affrique"]
[Site "Saint Affrique"]
[Date "2008.07.23"]
[Round "6.33"]
[White "Iwanesko, Alexandre"]
[Black "Claisse, Patrick"]
[Result "0-1"]
[WhiteElo "2062"]
[BlackElo "1934"]
[PlyCount "96"]
[EventDate "2008.??.??"]

1. e4 c5 2. Nf3 d6 3. d4 cxd4 4. Nxd4 Nf6 5. Nc3 Nc6 6. Bg5 e6 7. Qd2 Be7 8.
O-O-O d5 9. exd5 Nxd5 10. Nxc6 bxc6 11. Bxe7 Qxe7 12. Bd3 O-O 13. Rhe1 Rb8 14.
Nxd5 cxd5 15. f4 Qd6 16. Re5 f6 17. Rh5 g6 18. Rh4 Ba6 19. Qe2 Bxd3 20. Rxd3
Rb6 21. Rdh3 Rf7 22. Qd3 f5 23. c3 Rfb7 24. b4 d4 25. a3 a5 26. Qxd4 Qxd4 27.
cxd4 axb4 28. axb4 Rxb4 29. Rc3 Rxd4 30. g3 h5 31. Rh3 Rbb4 32. g4 fxg4 33.
Rc8+ Kg7 34. Rhc3 Rxf4 35. R3c7+ Rf7 36. Rc6 Re4 37. Kd2 Rd7+ 38. Kc3 Re1 39.
Kc2 Re7 40. Ra8 Re2+ 41. Kd3 Rxh2 42. Ke4 Rf7 43. Rcc8 g3 44. Rh8 Re2+ 45. Kd3
Re1 46. Rag8+ Kf6 47. Rh6 Rg7 48. Rf8+ Kg5 0-1

[Event "16ème Open de Saint Affrique"]
[Site "Saint Affrique"]
[Date "2008.07.23"]
[Round "6.39"]
[White "Boukhris-Ferre, Yacine"]
[Black "Ait-Chaouche, Samy"]
[Result "1-0"]
[WhiteElo "1870"]
[BlackElo "1991"]
[PlyCount "65"]
[EventDate "2008.??.??"]

1. e4 e6 2. d4 a6 3. Bd3 b5 4. Nf3 c5 5. c3 Bb7 6. O-O c4 7. Bc2 Nf6 8. Nbd2 d5
9. e5 Nfd7 10. Ne1 Nc6 11. f4 g6 12. Ndf3 Qc7 13. Ng5 h6 {#} 14. Nxe6 fxe6 15.
Bxg6+ Kd8 16. Qg4 Kc8 17. Qxe6 Nd8 18. Qh3 Kb8 19. f5 Ka7 20. f6 Qc6 21. Nf3
Nxf6 22. exf6 Qxf6 23. Ne5 Qg7 24. Qd7 Qxd7 25. Nxd7 Be7 26. Bf4 Rc8 27. Rae1
Nc6 28. Ne5 Bf8 29. Nxc6+ Bxc6 30. Be5 Rg8 31. Bh7 Rg5 32. Rf7+ Kb6 33. Bf6 1-0

[Event "16ème Open de Saint Affrique"]
[Site "Saint Affrique"]
[Date "2008.07.23"]
[Round "6.43"]
[White "Pfeifer, Andreas"]
[Black "Jean, Robert"]
[Result "1-0"]
[WhiteElo "2080"]
[BlackElo "1848"]
[PlyCount "55"]
[EventDate "2008.??.??"]

1. e4 c5 2. Nf3 d6 3. Bb5+ Nd7 4. O-O Ngf6 5. Re1 a6 6. Bf1 e6 7. c3 Be7 8. a4
b6 9. d4 cxd4 10. cxd4 O-O 11. Nc3 Bb7 12. h3 Rc8 13. Bf4 Re8 14. e5 dxe5 15.
dxe5 Nd5 16. Nxd5 Bxd5 17. Bxa6 Bxf3 18. Qxf3 Rc2 19. Rad1 Qc7 20. Rxd7 Qxd7
21. Bb5 Qc8 22. Bxe8 Qxe8 23. Qb3 Qc6 24. Be3 Bd8 25. Rd1 Bc7 26. a5 h6 27.
axb6 Bxe5 28. b7 1-0

[Event "16ème Open de Saint Affrique"]
[Site "Saint Affrique"]
[Date "2008.07.23"]
[Round "6.44"]
[White "Grignon, Maxime"]
[Black "Marco, Clement"]
[Result "1-0"]
[WhiteElo "1830"]
[BlackElo "2064"]
[PlyCount "65"]
[EventDate "2008.??.??"]

1. d4 Nf6 2. c4 g6 3. Nf3 Bg7 4. Nc3 d5 5. Qb3 c6 6. cxd5 Nxd5 7. e4 Nxc3 8.
bxc3 O-O 9. Ba3 a5 10. Be2 b5 11. Rd1 Qc7 12. O-O Na6 13. Rfe1 Re8 14. Ng5 e6
15. e5 b4 16. cxb4 axb4 17. Bc1 c5 18. Qh3 h6 19. Ne4 cxd4 20. Nd6 Re7 21. Bf3
Rb8 22. Bxh6 Bxe5 23. Rxe5 Qxd6 24. Bf4 f5 25. Qh6 Qd7 26. Qxg6+ Rg7 27. Qh5 b3
28. axb3 Rxb3 29. Bh6 Rf7 30. Qg6+ Kh8 31. Bh5 Qc7 32. Qxf7 Qxe5 33. Bg6 1-0

[Event "16ème Open de Saint Affrique"]
[Site "Saint Affrique"]
[Date "2008.07.23"]
[Round "6.45"]
[White "Tardif, Sebastien"]
[Black "Bertrand, Quentin"]
[Result "0-1"]
[WhiteElo "2008"]
[BlackElo "1873"]
[PlyCount "42"]
[EventDate "2008.??.??"]

1. Nf3 f5 2. c4 Nf6 3. g3 g6 4. Bg2 Bg7 5. O-O O-O 6. Nc3 d6 7. d4 Qe8 8. Re1
Qf7 9. Nd5 Nxd5 10. cxd5 Qxd5 11. Be3 Qb5 12. Qc2 c6 13. Bg5 Re8 14. a4 Qb6 15.
e4 e5 16. Bh3 fxe4 17. Bxc8 exf3 18. Bg4 Qxd4 19. Qb3+ d5 20. Bxf3 Qb6 21. Qd3
Na6 0-1

[Event "16ème Open de Saint Affrique"]
[Site "Saint Affrique"]
[Date "2008.07.24"]
[Round "7.2"]
[White "Libiszewski, Fabien"]
[Black "Philippe, Christophe"]
[Result "1-0"]
[WhiteElo "2475"]
[BlackElo "2442"]
[PlyCount "103"]
[EventDate "2008.??.??"]

1. e4 c5 2. Nf3 e6 3. d4 cxd4 4. Nxd4 Nc6 5. Nc3 a6 6. Be2 d6 7. O-O Nf6 8. f4
Be7 9. Nxc6 bxc6 10. e5 dxe5 11. fxe5 Qxd1 12. Rxd1 Nd7 13. Bf4 Bb7 14. Ne4 c5
15. Nd6+ Bxd6 16. Rxd6 Ke7 17. Rad1 Rhd8 18. Bg5+ f6 19. exf6+ Nxf6 20. Rb6
Rxd1+ 21. Bxd1 Be4 22. Bf3 Bxf3 23. gxf3 h6 24. Be3 Nd7 25. Rc6 Rf8 26. Kg2 Rb8
27. b3 a5 28. Kf2 a4 29. Bxc5+ Nxc5 30. Rxc5 axb3 31. cxb3 Kd6 32. Rc2 Kd5 33.
Ke3 g5 34. Rc3 Rb4 35. Rc4 Rb8 36. Rd4+ Ke5 37. Ra4 Kf5 38. Rc4 e5 39. Rc3 h5
40. a3 g4 41. b4 gxf3 42. Kxf3 h4 43. Rb3 Ke6 44. b5 Kd5 45. b6 Kc4 46. Rb4+
Kd3 47. b7 h3 48. Kf2 e4 49. Ke1 Ke3 50. Rb3+ Kf4 51. a4 e3 52. Ke2 1-0

[Event "16ème Open de Saint Affrique"]
[Site "Saint Affrique"]
[Date "2008.07.24"]
[Round "7.3"]
[White "Degraeve, Jean-Marc"]
[Black "Houard, Yannick"]
[Result "1-0"]
[WhiteElo "2523"]
[BlackElo "2123"]
[PlyCount "97"]
[EventDate "2008.??.??"]

1. e4 e6 2. d4 d5 3. Nd2 Nf6 4. e5 Nfd7 5. Ngf3 c5 6. c3 Nc6 7. Bd3 Qb6 8. O-O
cxd4 9. cxd4 Nxd4 10. Nxd4 Qxd4 11. Nf3 Qb6 12. Qa4 Qb4 13. Qc2 h6 14. a3 Qb6
15. Qa4 Be7 16. Be3 Qd8 17. Rac1 O-O 18. Rfe1 f5 19. exf6 Nxf6 20. Ne5 Bd6 21.
Bd4 a6 22. Bb1 Bxe5 23. Bxe5 Bd7 24. Qb3 Bc6 25. Rc3 Rf7 26. Rg3 Nd7 27. Bd4
Qh4 28. Qd3 Nf8 29. Qc3 Qe7 30. Ree3 Rc8 {#} 31. Bxg7 Rxg7 32. Rxg7+ Qxg7 33.
Rg3 Rc7 34. Qe5 Qxg3 35. hxg3 Rf7 36. Bd3 a5 37. f3 Be8 38. Qb8 Bc6 39. g4 Kg7
40. b4 axb4 41. axb4 Nd7 42. Qd6 Nf8 43. b5 Be8 44. Qd8 Bd7 45. Qb8 Ng6 46.
Bxg6 Kxg6 47. Qxb7 Rg7 48. b6 d4 49. Qc7 1-0

[Event "16ème Open de Saint Affrique"]
[Site "Saint Affrique"]
[Date "2008.07.24"]
[Round "7.4"]
[White "Monroy, Charles"]
[Black "Manouck, Thierry"]
[Result "1-0"]
[WhiteElo "2393"]
[BlackElo "2358"]
[PlyCount "141"]
[EventDate "2008.??.??"]

1. Nf3 d6 2. d4 Nf6 3. g3 Nbd7 4. c4 e5 5. Nc3 c6 6. Bg2 Be7 7. e4 O-O 8. O-O
a6 9. b3 Re8 10. Qc2 b5 11. cxb5 cxb5 12. Bb2 Bb7 13. d5 Rc8 14. b4 Nb6 15. Nd2
Na4 16. Qb3 Nxb2 17. Qxb2 Qb6 18. Nb3 Rc7 19. Rac1 Bc8 20. a4 Bd7 21. axb5 axb5
22. Nb1 Rec8 23. Rxc7 Rxc7 24. Rc1 Bd8 25. h3 Ne8 26. Rxc7 Nxc7 27. Qc2 Na6 28.
Qd2 Qa7 29. Bf1 Bb6 30. Kg2 Nc7 31. Na5 Bxa5 32. bxa5 Qc5 33. Qc3 Na6 34. Qxc5
dxc5 35. Na3 c4 36. Nxc4 bxc4 37. Bxc4 Nc5 38. a6 Na4 39. a7 Nb6 40. Ba6 Kf8
41. Bb7 Ke7 42. a8=Q Nxa8 43. Bxa8 Kd6 44. f4 f6 45. h4 h6 46. Kf3 Ke7 47. Bc6
Bc8 48. Bb5 Kd6 49. Ke3 Kc5 50. Be2 Bd7 51. Bh5 Kd6 52. Bg6 Kc5 53. Kf3 Kd6 54.
g4 Kc5 55. Bf5 Ba4 56. g5 Bd1+ 57. Kg3 exf4+ 58. Kxf4 hxg5+ 59. hxg5 Kd6 60.
Be6 Bc2 61. Kf5 Bd3 62. Bg8 Bc2 63. Bh7 Bd3 64. Bg8 Bc2 65. Be6 Bd3 66. Kf4 Bc4
67. Bf7 Bd3 68. Kf5 Bc2 69. Bh5 Bd3 70. Bf3 Ke7 71. Kg6 1-0

[Event "16ème Open de Saint Affrique"]
[Site "Saint Affrique"]
[Date "2008.07.24"]
[Round "7.5"]
[White "Mullon, Jean-Baptiste"]
[Black "Borsos, Bogdan"]
[Result "1/2-1/2"]
[WhiteElo "2336"]
[BlackElo "2377"]
[PlyCount "61"]
[EventDate "2008.??.??"]

1. e4 e5 2. Nf3 Nc6 3. Bb5 a6 4. Ba4 Nf6 5. O-O Be7 6. Re1 b5 7. Bb3 O-O 8. c3
d6 9. h3 Na5 10. Bc2 c5 11. d4 Qc7 12. Nbd2 Bd7 13. Nf1 Rac8 14. dxe5 dxe5 15.
N3h2 Rcd8 16. Qf3 Nc4 17. b3 Nd6 18. Ng4 Nxg4 19. hxg4 Qb7 20. Qh3 Be6 21. Ng3
f6 22. Nf5 Nxf5 23. exf5 Bd7 24. f4 Bd6 25. fxe5 Bxe5 26. Rxe5 fxe5 27. f6 e4
28. fxg7 Rf7 29. Qh4 Re8 30. Be3 Rxg7 31. g5 1/2-1/2

[Event "16ème Open de Saint Affrique"]
[Site "Saint Affrique"]
[Date "2008.07.24"]
[Round "7.6"]
[White "Sikula, Vaszilij"]
[Black "Lagarde, Maxime"]
[Result "1/2-1/2"]
[WhiteElo "2540"]
[BlackElo "2322"]
[PlyCount "75"]
[EventDate "2008.??.??"]

1. e4 c5 2. Nf3 d6 3. d4 cxd4 4. Nxd4 Nf6 5. Nc3 Nc6 6. Bg5 e6 7. Qd2 Be7 8.
O-O-O Nxd4 9. Qxd4 a6 10. f4 O-O 11. Bxf6 Bxf6 12. Qxd6 Qa5 13. e5 Rd8 14. Qa3
Qxa3 15. bxa3 Rxd1+ 16. Kxd1 Be7 17. Na4 Bd7 18. Nb6 Rd8 19. Nxd7 Rxd7+ 20. Bd3
Bxa3 21. Kd2 b6 22. g3 Bc5 23. c3 a5 24. Ke2 g6 25. a4 Kg7 26. Rd1 h5 27. h4
Kf8 28. Rd2 Ke7 29. Rb2 Rc7 30. Bb5 Ba3 31. Rb3 Bc5 32. Rb1 Ba3 33. Rb3 Bc5 34.
c4 Rc8 35. Rd3 Rd8 36. Rxd8 Kxd8 37. Kf3 Ke7 38. Bc6 1/2-1/2

[Event "16ème Open de Saint Affrique"]
[Site "Saint Affrique"]
[Date "2008.07.24"]
[Round "7.7"]
[White "Boudre, Jean-Pierre"]
[Black "Janev, Evgeni"]
[Result "0-1"]
[WhiteElo "2323"]
[BlackElo "2502"]
[PlyCount "61"]
[EventDate "2008.??.??"]

1. e4 e5 2. Nf3 Nc6 3. Bb5 a6 4. Ba4 Nf6 5. O-O b5 6. Bb3 Be7 7. Re1 d6 8. c3
O-O 9. h3 Na5 10. Bc2 c5 11. d4 Qc7 12. Nbd2 cxd4 13. cxd4 Nc6 14. Nb3 a5 15.
Be3 a4 16. Nbd2 Bd7 17. Rc1 Qb7 18. a3 Rfe8 19. dxe5 Nxe5 20. Bd4 Bd8 21. Nf1
Ba5 22. N3d2 d5 23. exd5 Qxd5 24. Bc3 Bxc3 25. bxc3 Bc6 26. Ne3 Qc5 27. Nf5
Qxa3 28. Ne4 Bxe4 29. Bxe4 Rad8 30. Qc2 Qc5 31. Ne3 0-1

[Event "16ème Open de Saint Affrique"]
[Site "Saint Affrique"]
[Date "2008.07.24"]
[Round "7.8"]
[White "Van Elst, Andreas"]
[Black "Okhotnik, Vladimir"]
[Result "1/2-1/2"]
[WhiteElo "2336"]
[BlackElo "2468"]
[PlyCount "103"]
[EventDate "2008.??.??"]

1. d4 f5 2. Nc3 d5 3. Bf4 Nf6 4. e3 e6 5. Bd3 c5 6. dxc5 Bxc5 7. Nb5 O-O 8. Nf3
Nc6 9. O-O a6 10. Nbd4 Bd6 11. Bxd6 Qxd6 12. c4 Nb4 13. cxd5 Nbxd5 14. Qb3 Bd7
15. Rac1 b5 16. a3 h6 17. Rfd1 Rac8 18. Bb1 g6 19. Ne2 Rxc1 20. Rxc1 Rc8 21.
Rxc8+ Bxc8 22. Qd1 e5 23. Nc3 e4 24. Nxd5 Qxd5 25. Qxd5+ Nxd5 26. Ba2 Be6 27.
Nd4 Bf7 28. Bxd5 Bxd5 29. Kf1 Kf7 30. Ke1 Bc4 31. h4 Kf6 32. g3 g5 33. hxg5+
hxg5 34. b4 Bd5 35. Kd2 Ke5 36. Ne2 Bc4 37. Nd4 Bd5 38. Ne2 Be6 39. Nd4 Bd7 40.
Ne2 Be8 41. Nd4 Bd7 42. Ne2 Kf6 43. Nd4 Ke7 44. Ne2 Kd6 45. Nd4 Kd5 46. Kc3 Ke5
47. Kd2 f4 48. gxf4+ gxf4 49. Ne2 f3 50. Nd4 Bh3 51. Kc3 Kd5 52. Nb3 1/2-1/2

[Event "16ème Open de Saint Affrique"]
[Site "Saint Affrique"]
[Date "2008.07.24"]
[Round "7.9"]
[White "Karpatchev, Aleksandr"]
[Black "Andonov, Bogomil"]
[Result "1-0"]
[WhiteElo "2460"]
[BlackElo "2326"]
[PlyCount "93"]
[EventDate "2008.??.??"]

1. e4 c6 2. d4 d5 3. Nc3 dxe4 4. Nxe4 h6 5. c3 Bf5 6. Ng3 Bh7 7. Bc4 e6 8. Nf3
Nd7 9. O-O Ngf6 10. Re1 Be7 11. a4 O-O 12. Qb3 b6 13. Bd2 Nd5 14. Bf1 a5 15.
Rad1 Qc7 16. Ne4 c5 17. c4 Bxe4 18. Rxe4 N5f6 19. Ree1 cxd4 20. Nxd4 Nc5 21.
Qf3 Rac8 22. Bf4 Qb7 23. Nf5 Rfe8 24. Nxe7+ Rxe7 25. Qh3 Rd7 26. Rxd7 Qxd7 27.
Be5 Ne8 28. b3 Rd8 29. Bc3 f6 30. Qe3 e5 31. Bxa5 bxa5 32. Qxc5 Qd2 33. Qe7 Rb8
34. Re3 Qd6 35. Qxd6 Nxd6 36. c5 Nf5 37. Rc3 Rc8 38. c6 Rc7 39. Rc5 Nd4 40.
Bc4+ Kf8 41. Rxa5 Rxc6 42. h4 Rb6 43. Ra8+ Ke7 44. a5 Rb4 45. a6 Nxb3 46. Bxb3
Rxb3 47. a7 1-0

[Event "16ème Open de Saint Affrique"]
[Site "Saint Affrique"]
[Date "2008.07.24"]
[Round "7.10"]
[White "Muller, Anne"]
[Black "Shirazi, Kamran"]
[Result "0-1"]
[WhiteElo "2179"]
[BlackElo "2440"]
[PlyCount "92"]
[EventDate "2008.??.??"]

1. e4 c5 2. Nf3 Nf6 3. Nc3 d5 4. exd5 Nxd5 5. Bb5+ Bd7 6. Ne5 Nf6 7. Nxd7 Nbxd7
8. d4 cxd4 9. Qxd4 a6 10. Be2 e5 11. Qd3 Bc5 12. O-O Qc7 13. Ne4 Nxe4 14. Qxe4
O-O 15. Bc4 Bd4 16. Bd3 f5 17. Qd5+ Kh8 18. c3 Ba7 19. Bc2 Nf6 20. Qf3 Ng4 21.
h3 e4 22. Qf4 Ne5 23. Be3 g5 24. Qh2 Bxe3 25. fxe3 Rae8 26. Kh1 Qc5 27. Qg3 Nc4
28. Rae1 Nd2 29. Rf2 f4 30. exf4 e3 31. Rfe2 gxf4 32. Qh4 Ne4 33. Bxe4 Rxe4 34.
Rd1 Qf5 35. Qg4 Qxg4 36. hxg4 Rg8 37. Rd7 Rxg4 38. Rxb7 Re8 39. Rb4 Reg8 40.
Rc2 R8g5 41. Rb8+ Kg7 42. Rb7+ Kg6 43. Re7 Rd5 44. Re6+ Kf7 45. Rh6 Kg7 46. Rh3
Rg3 0-1

[Event "16ème Open de Saint Affrique"]
[Site "Saint Affrique"]
[Date "2008.07.24"]
[Round "7.46"]
[White "Ait-Chaouche, Samy"]
[Black "Mourgues, Joelle"]
[Result "0-1"]
[WhiteElo "1991"]
[BlackElo "1767"]
[PlyCount "48"]
[EventDate "2008.??.??"]

1. e4 c5 2. b4 cxb4 3. a3 Nc6 4. axb4 Nf6 5. b5 Na5 6. e5 Ng8 7. Qf3 Rb8 8. d4
d5 9. exd6 exd6 10. Bd2 b6 11. Bxa5 bxa5 12. Bc4 Nf6 13. Nc3 Bb7 14. d5 Be7 15.
Nge2 O-O 16. O-O Nd7 17. Nd4 Ne5 18. Qe2 Bf6 19. f4 Ng4 20. Rfd1 Qb6 21. Qd3
Rfe8 22. Na4 Bxd4+ 23. Qxd4 Re1+ 24. Bf1 Qxd4+ 0-1

[Event "16ème Open de Saint Affrique"]
[Site "Saint Affrique"]
[Date "2008.07.24"]
[Round "7.87"]
[White "Boyd, Christopher"]
[Black "Loiseau, Andre"]
[Result "1-0"]
[WhiteElo "1110"]
[BlackElo "1310"]
[PlyCount "65"]
[EventDate "2008.??.??"]

1. e4 e5 2. Nf3 d6 3. Bc4 Nf6 4. Nc3 Be7 5. d4 Nbd7 6. O-O O-O 7. Bg5 c6 8. d5
Qc7 9. dxc6 Qxc6 10. Bb5 Qc7 11. Bxd7 Qxd7 12. Bxf6 Bxf6 13. Nd5 Bd8 14. c4 b6
15. a4 Ba6 16. b3 Rc8 17. Qd3 Re8 18. h3 Qe6 19. Qd2 Qg6 20. h4 Rc5 21. b4 Rxc4
22. Qd3 Qe6 23. b5 Rc8 24. bxa6 Qh6 25. Qb5 Bxh4 26. Nxh4 Qxh4 27. Qd7 h6 28.
Qxa7 Re6 29. Qd7 Rd8 30. Qc6 Rg6 31. g3 Qxe4 32. Ne7+ Kh7 33. Qxe4 1-0

[Event "16ème Open de Saint Affrique"]
[Site "Saint Affrique"]
[Date "2008.07.25"]
[Round "8.1"]
[White "Gozzoli, Yannick"]
[Black "Libiszewski, Fabien"]
[Result "1/2-1/2"]
[WhiteElo "2502"]
[BlackElo "2475"]
[PlyCount "45"]
[EventDate "2008.??.??"]

1. d4 Nf6 2. c4 g6 3. Nc3 Bg7 4. e4 d6 5. Nf3 O-O 6. Be2 e5 7. O-O Nc6 8. d5
Ne7 9. b4 Nh5 10. Re1 f5 11. Ng5 Nf6 12. Bf3 c6 13. b5 cxd5 14. cxd5 h6 15. Ne6
Bxe6 16. dxe6 fxe4 17. Bxe4 d5 18. Ba3 dxe4 19. Qxd8 Rfxd8 20. Bxe7 Re8 21. Bc5
Rxe6 22. Be3 a6 23. a4 1/2-1/2

[Event "16ème Open de Saint Affrique"]
[Site "Saint Affrique"]
[Date "2008.07.25"]
[Round "8.2"]
[White "Riff, Jean-Noel"]
[Black "Monroy, Charles"]
[Result "1/2-1/2"]
[WhiteElo "2481"]
[BlackElo "2393"]
[PlyCount "21"]
[EventDate "2008.??.??"]

1. e4 d6 2. d4 Nf6 3. Nc3 e5 4. Nf3 Nbd7 5. g4 h6 6. g5 hxg5 7. Nxg5 exd4 8.
Qxd4 c6 9. Bf4 Ng4 10. Rg1 Qb6 11. Qxb6 1/2-1/2

[Event "16ème Open de Saint Affrique"]
[Site "Saint Affrique"]
[Date "2008.07.25"]
[Round "8.3"]
[White "Janev, Evgeni"]
[Black "Degraeve, Jean-Marc"]
[Result "0-1"]
[WhiteElo "2502"]
[BlackElo "2523"]
[PlyCount "168"]
[EventDate "2008.??.??"]

1. e4 e5 2. Nf3 Nc6 3. Bb5 f5 4. Nc3 fxe4 5. Nxe4 d5 6. Ng3 Bg4 7. h3 Bxf3 8.
Qxf3 Qd6 9. O-O O-O-O 10. c3 e4 11. Qe3 a6 12. Be2 g6 13. d3 Bh6 14. f4 exf3
15. Qxf3 Bxc1 16. Raxc1 Nge7 17. d4 Kb8 18. Qf4 Nc8 19. Bd3 Rde8 20. Qxd6 Nxd6
21. Rce1 Rxe1 22. Rxe1 Re8 23. Rxe8+ Nxe8 24. Kf2 Kc8 25. Kf3 Kd7 26. Ne2 Ne7
27. h4 Ke6 28. g4 Nd6 29. b3 h6 30. c4 g5 31. c5 Nf7 32. h5 a5 33. Nc3 Nd8 34.
Ke3 Kd7 35. Bb5+ Ke6 36. Ne2 b6 37. a3 Ndc6 38. cxb6 cxb6 39. Nc3 Kd6 40. Bd3
Nb8 41. Be2 Nd7 42. Na4 Kc6 43. Nb2 Kd6 44. Nd3 Ke6 45. Bf3 Nc8 46. Nb2 Kd6 47.
Be2 Ne7 48. Na4 Kc6 49. Nc3 Kd6 50. Bf3 Nf6 51. Kd3 Ne8 52. Nd1 Nc7 53. Ne3 Nb5
54. Nc2 Nc7 55. Be2 Kc6 56. Ne3 Nb5 57. a4 Nc7 58. Kc3 Ne6 59. Bd3 Kd6 60. Bb5
Nc7 61. Be2 Ne6 62. Bd3 Nxd4 63. Kxd4 Nc6+ 64. Kc3 d4+ 65. Kd2 dxe3+ 66. Kxe3
Ke5 67. Bc4 Nd4 68. Bf7 Nc6 69. Bc4 Nd8 70. Bg8 Nb7 71. Bc4 Nc5 72. Bf7 Ne4 73.
Bc4 Nf6 74. Kf3 Kd4 75. Be6 Ne4 76. Bf7 Nc5 77. Bg8 Nd7 78. Bh7 Ne5+ 79. Kg3
Ke3 80. Bf5 Nf3 81. Be6 Nd2 82. Bd5 Ne4+ 83. Kg2 Kf4 84. Be6 Nc5 0-1